| 000 | 00443nam a2200157Ia 4500 | ||
|---|---|---|---|
| 003 | OSt | ||
| 005 | 20200701104610.0 | ||
| 008 | 190216s9999||||xx |||||||||||||| ||und|| | ||
| 040 | _coclc | ||
| 082 |
_a909 _bRAO/C |
||
| 100 |
_aRao, B V _93380 |
||
| 245 | 0 |
_aConcise Book Of World History / _cB V Rao |
|
| 260 |
_bSterling Publications, _c1996. _aNew Delhi: |
||
| 300 | _a295p | ||
| 942 |
_cBK _2ddc _h909 _iRAO/C _k909 _mRAO/C |
||
| 999 |
_c20706 _d20706 |
||